[Event "Top Jeunes"]
[Site "Niort"]
[Date "2010.11.21"]
[Round "3.5"]
[White "Barbotte, Leo"]
[Black "Le Menelec, Erwan-Son"]
[Result "0-1"]
[WhiteElo "1510"]
[BlackElo "1716"]
[PlyCount "56"]
[EventDate "2010.??.??"]
[WhiteTeam "Niort"]
[BlackTeam "Villepinte"]

1. e4 e5 2. Nc3 Nc6 3. g3 Bc5 4. Bg2 d6 5. Nge2 Nf6 6. O-O Be6 7. d3 Qd7 8. Na4
Bb6 9. Nxb6 axb6 10. Be3 O-O 11. Qd2 Bh3 12. f4 Bxg2 13. Kxg2 Ng4 14. Bg1 d5
15. h3 Nf6 16. exd5 Qxd5+ 17. Kh2 Rfd8 18. Nc3 Qd6 19. Be3 Nd5 20. Nxd5 Qxd5
21. c4 Qd6 22. fxe5 Nxe5 23. Bf4 Qxd3 24. Qxd3 Nxd3 25. b3 Nxf4 26. Rxf4 Rd2+
27. Kg1 Raxa2 28. Raf1 Rg2+ 0-1

[Event "Top Jeunes"]
[Site "Niort"]
[Date "2010.11.21"]
[Round "3.6"]
[White "O'Sullivan, Thomas"]
[Black "Barbotte, Pierre"]
[Result "1-0"]
[WhiteElo "1813"]
[BlackElo "1470"]
[PlyCount "67"]
[EventDate "2010.??.??"]
[WhiteTeam "Villepinte"]
[BlackTeam "Niort"]

1. d4 d5 2. c4 e6 3. Nc3 c6 4. Nf3 f5 5. Bf4 Nf6 6. Bg5 Nbd7 7. e3 Bd6 8. Bd3
O-O 9. O-O h6 10. Bxf6 Nxf6 11. cxd5 exd5 12. Ne5 Re8 13. f4 Ng4 14. Qd2 Nxe5
15. fxe5 Bc7 16. Bxf5 Bxf5 17. Rxf5 Rf8 18. Rxf8+ Qxf8 19. Rc1 Ba5 20. Qd3 Rc8
21. e4 dxe4 22. Qxe4 Bxc3 23. Rxc3 Qf7 24. d5 Rf8 25. Rf3 Qe7 26. d6 Qd8 27.
Rxf8+ Kxf8 28. Qf5+ Kg8 29. d7 b5 30. e6 Kh8 31. Qf7 Kh7 32. e7 Qxd7 33. e8=Q
Qd1+ 34. Qf1 1-0

[Event "Top Jeunes"]
[Site "Niort"]
[Date "2010.11.21"]
[Round "3.7"]
[White "Gaubert, Cedric"]
[Black "Ek, Bora"]
[Result "0-1"]
[WhiteElo "1009"]
[BlackElo "1430"]
[PlyCount "72"]
[EventDate "2010.??.??"]
[WhiteTeam "Niort"]
[BlackTeam "Villepinte"]

1. d3 d5 2. Nf3 e6 3. g3 Nf6 4. Bg2 Nbd7 5. O-O Be7 6. c3 O-O 7. Qc2 b6 8. Rd1
Bb7 9. e4 c5 10. e5 Ng4 11. h3 Ngxe5 12. Nxe5 Nxe5 13. d4 Nd7 14. Rd3 Nf6 15.
Rf3 Rc8 16. Rf4 cxd4 17. c4 Rxc4 18. Qd3 Rxc1+ 19. Kh2 Rc8 20. g4 Bd6 21. g5
Bxf4+ 22. Kg1 Bxg5 23. Qxd4 Rc1+ 24. Bf1 Ba6 25. h4 Rxf1+ 26. Kg2 Bh6 27. a4
Qd6 28. b4 Bc4 29. Na3 Rxa1 30. Qxa1 Qxb4 31. Nc2 Qd6 32. Nd4 Qe5 33. Nc6 Qxa1
34. Ne7+ Kh8 35. a5 Qf1+ 36. Kf3 Qh3# 0-1

[Event "Top Jeunes"]
[Site "Niort"]
[Date "2010.11.21"]
[Round "3.8"]
[White "Habiballah, Linda"]
[Black "Kocausta, Antoine"]
[Result "0-1"]
[WhiteElo "1120"]
[BlackElo "1630"]
[PlyCount "102"]
[EventDate "2010.??.??"]
[WhiteTeam "Niort"]
[BlackTeam "Villepinte"]

1. d4 d5 2. e3 Nf6 3. Bd3 Nc6 4. f4 e6 5. Nf3 Bd6 6. c3 O-O 7. O-O Bd7 8. Ne5
Qe7 9. Bd2 h6 10. Qf3 Nh7 11. Bc2 f6 12. Qg4 fxe5 13. Bg6 exf4 14. exf4 Nf6 15.
Qf3 Ne4 16. Be3 Qf6 17. Bh5 g6 18. Bg4 Rf7 19. Nd2 Nxd2 20. Bxd2 Raf8 21. Rae1
Bxf4 22. Bxf4 Qxf4 23. Qxf4 Rxf4 24. Rxf4 Rxf4 25. Bh3 Kf7 26. Rd1 e5 27. Bxd7
Ke7 28. Bh3 g5 29. g3 Re4 30. Bg2 Re2 31. Bxd5 Rxb2 32. Re1 Kd6 33. Bc4 exd4
34. Re6+ Kc5 35. Bb3 d3 36. Re1 Na5 37. Be6 d2 38. Rd1 Rc2 39. a4 Rc1 40. Bg4
Nc4 41. Be2 Ne3 42. Rxc1 dxc1=Q+ 43. Kf2 Qxc3 44. h4 Nd1+ 45. Bxd1 Qd2+ 46. Be2
gxh4 47. gxh4 Qf4+ 48. Ke1 Qxa4 49. Bf3 Qxh4+ 50. Ke2 a5 51. Bxb7 a4 0-1

[Event "Top Jeunes"]
[Site "Niort"]
[Date "2010.11.21"]
[Round "3.9"]
[White "Kocausta, Antoine"]
[Black "Gaubert, Cedric"]
[Result "1-0"]
[WhiteElo "1630"]
[BlackElo "1009"]
[PlyCount "81"]
[EventDate "2010.??.??"]
[WhiteTeam "Villepinte"]
[BlackTeam "Niort"]

1. d4 d5 2. c4 e6 3. Nc3 c6 4. Nf3 f5 5. e3 Nf6 6. Be2 Bd6 7. O-O Bc7 8. Qc2
O-O 9. Bd2 g5 10. Nxg5 Qd6 11. Nf3 Rf7 12. c5 Qd8 13. Ne1 Qf8 14. f3 Qh6 15. g3
Rg7 16. e4 Qh3 17. e5 Rg6 18. Rf2 Ne4 19. fxe4 dxe4 20. Rf4 Nd7 21. Rh4 Rxg3+
22. hxg3 Qxg3+ 23. Ng2 b6 24. cxb6 Bxb6 25. Be1 Bxd4+ 26. Kf1 Qg5 27. Rh3 Ba6
28. Rg3 Bd3 29. Bxd3 exd3 30. Rxg5+ Kf7 31. Qxd3 c5 32. Nb5 Nxe5 33. Qg3 Bxb2
34. Rb1 h6 35. Rg7+ Kf6 36. Rxb2 Ng4 37. Bc3+ e5 38. Rxa7 Rxa7 39. Nxa7 h5 40.
Rb6+ Kg5 41. Qh4# 1-0

[Event "Top Jeunes"]
[Site "Niort"]
[Date "2010.11.21"]
[Round "3.10"]
[White "Ek, Bora"]
[Black "Habiballah, Linda"]
[Result "1-0"]
[WhiteElo "1430"]
[BlackElo "1120"]
[PlyCount "61"]
[EventDate "2010.??.??"]
[WhiteTeam "Villepinte"]
[BlackTeam "Niort"]

1. e4 d6 2. d4 Nf6 3. Nc3 g6 4. Nf3 Bg7 5. Bd3 O-O 6. O-O c6 7. Re1 Qc7 8. Bf4
Bg4 9. h3 Bh5 10. g4 Bxg4 11. hxg4 Nxg4 12. Nd2 Bxd4 13. Qxg4 Nd7 14. Nf3 Bg7
15. Qh3 Nf6 16. Bh6 Rfe8 17. Bxg7 Kxg7 18. e5 dxe5 19. Nxe5 Rad8 20. Ng4 Rd4
21. Nxf6 Kxf6 22. Ne4+ Kg7 23. Re3 Red8 24. Rf3 R8d5 25. Qg3 f5 26. Qxc7 Re5
27. Qxe5+ Kf7 28. Ng5+ Ke8 29. Qxd4 h5 30. Re1 Kf8 31. Qh8# 1-0

[Event "Top Jeunes"]
[Site "Levallois-Perret"]
[Date "2010.11.21"]
[Round "3.1"]
[White "FIGIEL, Alexis"]
[Black "VIENNOT, Dylan"]
[Result "0-1"]
[WhiteElo "1737"]
[BlackElo "2032"]
[PlyCount "68"]
[WhiteTeam "Potemkine"]
[BlackTeam "Mulhouse"]

1. Nf3 Nf6 2. d4 c5 3. c4 g6 4. Nc3 Bg7 5. e4 cxd4 6.
Nxd4 d6 7. f3 Nc6 8. Be3 Bd7 9. Be2 a6 10. Qd2 Rc8 11. O-O O-O 12. Rac1 Nxd4
13. Bxd4 Be6 14. b3 Nd7 15. Bxg7 Kxg7 16. f4 Nc5 17. f5 Bd7 18. Rf3 f6 19. Rh3
g5 20. Rg3 Kh8 21. h4 gxh4 22. Rh3 Rg8 23. Qh6 Bc6 24. Qxh4 Rg7 25. Kf2 Qg8 26.
Rh2 Nd7 27. Rch1 Ne5 28. Bf3 b5 29. Ne2 bxc4 30. bxc4 Be8 31. Nf4 Bf7 32. Nd5
Bxd5 33. cxd5 Rc2+ 34. Ke3 Rxa2 0-1

[Event "Top Jeunes"]
[Site "Levallois-Perret"]
[Date "2010.11.21"]
[Round "3.2"]
[White "MESSINGER, Karl"]
[Black "BREBAN, Victor"]
[Result "1-0"]
[WhiteElo "1936"]
[BlackElo "1569"]
[PlyCount "99"]
[WhiteTeam "Mulhouse"]
[BlackTeam "Potemkine"]

1. e4 c5 2. Nf3 d6 3. Bb5+ Bd7 4. Bxd7+ Nxd7 5. O-O g6 6.
c3 Bg7 7. d4 Qb6 8. Re1 Rd8 9. Na3 Ngf6 10. Qe2 Nh5 11. Nc4 Qc7 12. e5 dxe5 13.
dxe5 O-O 14. g4 b5 15. Na3 Nxe5 16. gxh5 Nxf3+ 17. Qxf3 a6 18. Qe4 e6 19. Bf4
Qe7 20. Rad1 Rxd1 21. Rxd1 Qh4 22. Qf3 Qf6 23. Qg3 e5 24. Be3 Qf5 25. hxg6 hxg6
26. Bxc5 Rc8 27. b4 Qe4 28. Qd3 Qg4+ 29. Kf1 e4 30. Qd7 Qxd7 31. Rxd7 Bxc3 32.
Rd5 Kg7 33. Nc2 Kf6 34. a3 a5 35. Nd4 axb4 36. axb4 Bxd4 37. Bxd4+ Ke6 38. Rxb5
Rc4 39. Bc5 Kd5 40. Rb7 Ke6 41. Rc7 f5 42. b5 f4 43. b6 f3 44. Ke1 Rc2 45. b7
Rb2 46. Ba7 Re2+ 47. Kd1 e3 48. Bxe3 Rb2 49. Rc6+ Kd7 50. Rb6 1-0

[Event "Top Jeunes"]
[Site "Levallois-Perret"]
[Date "2010.11.21"]
[Round "3.3"]
[White "PISSOT, Grégoire"]
[Black "HAUSSERNOT, Cécile"]
[Result "0-1"]
[WhiteElo "1640"]
[BlackElo "2022"]
[PlyCount "58"]
[WhiteTeam "Potemkine"]
[BlackTeam "Mulhouse"]

1. e4 c5 2. Nf3 d6 3. d4 cxd4 4. Nxd4 Nf6 5. Nc3 a6 6.
Be3 e5 7. Nb3 Be6 8. Bd3 Be7 9. Qd2 O-O 10. f4 Ng4 11. f5 Nxe3 12. Qxe3 Bg5 13.
Qf2 Bxb3 14. axb3 Nc6 15. h4 Bh6 16. g4 Bf4 17. Nd5 f6 18. Nxf4 exf4 19. Qxf4
d5 20. O-O-O Nb4 21. exd5 Qa5 22. Qd4 Nxd3+ 23. Qxd3 Qa1+ 24. Kd2 Qxb2 25. Rde1
Rac8 26. g5 Rfd8 27. Rc1 Rc5 28. d6 Qe5 29. Qe3 Qxd6+ 0-1

[Event "Top Jeunes"]
[Site "Levallois-Perret"]
[Date "2010.11.21"]
[Round "3.4"]
[White "VEYS, Vincent"]
[Black "BALDI, Valentine"]
[Result "1-0"]
[WhiteElo "1730"]
[BlackElo "1624"]
[PlyCount "115"]
[WhiteTeam "Mulhouse"]
[BlackTeam "Potemkine"]

1. e4 c6 2. Nc3 d5 3. Nf3 dxe4 4. Nxe4 Nd7 5. Bc4 Ngf6 6. Neg5 e6 7. Qe2 Qe7 8.
d4 h6 9. Nh3 g6 10. Nf4 Nd5 11. c3 Bg7 12. Bb3 N7f6 13. Bc2 Nxf4 14. Bxf4 Nd5
15. Be5 O-O 16. Bxg7 Kxg7 17. Qe5+ Qf6 18. Qe4 Qf5 19. Qd3 Qg4 20. h3 Qf4 21.
Ne5 Qg5 22. g3 Rd8 23. h4 Qf6 24. h5 Ne7 25. f4 c5 26. Qe2 Nf5 27. Ng4 Qe7 28.
hxg6 Nxg3 29. Qh2 Nf5 30. Ne5 Rh8 31. Nxf7 Rg8 32. Ne5 Rh8 33. Bxf5 exf5 34.
O-O-O cxd4 35. Nf7 Qe3+ 36. Kb1 Qe4+ 37. Ka1 Be6 38. Rxd4 Qc6 39. Nxh8 Rxh8 40.
Rhd1 Qa6 41. a3 Qb6 42. Rb4 Qc6 43. Qh1 Qxh1 44. Rxh1 Bd5 45. Re1 Kxg6 46. Rd4
Bc6 47. Rd6+ Kf7 48. Rg1 h5 49. Rgg6 Be4 50. Rh6 Rxh6 51. Rxh6 Bf3 52. c4 Kg7
53. Rd6 h4 54. Rd3 Bg4 55. b4 h3 56. Rd2 Kf6 57. c5 Ke6 58. b5 1-0

[Event "Top Jeunes"]
[Site "Levallois-Perret"]
[Date "2010.11.21"]
[Round "3.5"]
[White "LUTARD, Theo"]
[Black "GUERRY, Emilien"]
[Result "0-1"]
[WhiteElo "1630"]
[BlackElo "1640"]
[PlyCount "38"]
[WhiteTeam "Potemkine"]
[BlackTeam "Mulhouse"]

1. e4 c5 2. Nf3 e6 3. d4 cxd4 4. Nxd4 Nc6 5. c4 Qc7 6.
Nc3 Nf6 7. Be2 Bb4 8. f3 O-O 9. O-O Nxd4 10. Bg5 Nxe2+ 11. Qxe2 Ne8 12. f4 Nd6
13. Rf3 Qxc4 14. Qe1 Nb5 15. Qh4 Nxc3 16. bxc3 Bc5+ 17. Kh1 Qxe4 18. Re1 Qg6
19. Rg3 Bf2 0-1

[Event "Top Jeunes"]
[Site "Levallois-Perret"]
[Date "2010.11.21"]
[Round "3.6"]
[White "HUG, Roxana"]
[Black "COMMERCON, Joachim"]
[Result "0-1"]
[WhiteElo "1560"]
[BlackElo "1615"]
[PlyCount "80"]
[WhiteTeam "Mulhouse"]
[BlackTeam "Potemkine"]

1. e4 c5 2. Nf3 d6 3. d4 cxd4 4. Nxd4 Nc6 5. Nc3 Nf6 6.
Be2 g6 7. O-O Bg7 8. Be3 a6 9. Qd2 O-O 10. f4 Bg4 11. Rad1 Bxe2 12. Qxe2 Qa5
13. Qf3 Qc7 14. Kh1 Rad8 15. g4 Nxd4 16. Bxd4 Qc6 17. Kg1 Qc8 18. h3 b5 19. a3
Nd7 20. Bxg7 Kxg7 21. Rc1 Qc5+ 22. Kh1 Rh8 23. b4 Qc4 24. f5 Ne5 25. f6+ Kf8
26. fxe7+ Kxe7 27. Qf6+ Kd7 28. Nd5 Qxe4+ 29. Kg1 Qxd5 30. Rcd1 Qe6 31. Qf4
Rhf8 32. Rfe1 f6 33. Qe3 Ke7 34. Rf1 f5 35. g5 Kf7 36. Qg3 Kg8 37. h4 Ng4 38.
Rfe1 Qd7 39. Qb3+ Qf7 40. Qf3 Qa7+ 0-1

[Event "Top Jeunes"]
[Site "Levallois-Perret"]
[Date "2010.11.21"]
[Round "3.7"]
[White "EA, Thibaut"]
[Black "BURRY, Quentin"]
[Result "0-1"]
[WhiteElo "1528"]
[BlackElo "1720"]
[PlyCount "80"]
[WhiteTeam "Potemkine"]
[BlackTeam "Mulhouse"]

1. e4 c5 2. Nf3 d6 3. Nc3 Nc6 4. d4 cxd4 5. Nxd4 Nf6 6.
Bc4 e6 7. Nf3 Be7 8. Be3 a6 9. a4 O-O 10. O-O b6 11. Bd4 Qc7 12. Re1 Bb7 13.
Rb1 Rac8 14. Be3 Rfd8 15. Ba2 Nb4 16. Bb3 Nxe4 17. Bxb6 Qxb6 18. Nxe4 d5 19.
Nc3 Bc5 20. Qd2 Nc6 21. Rbd1 d4 22. Na2 Na5 23. Qd3 Nxb3 24. cxb3 Bd5 25. Nc1
Bb7 26. Ne2 f6 27. Rf1 e5 28. Ng3 Bd5 29. Nd2 Bb4 30. Nde4 Ba5 31. Nd2 Bxd2 32.
Rxd2 Bxb3 33. Ra1 Rc4 34. Ra3 Rc1+ 35. Nf1 Bc4 36. Qxc4+ Rxc4 37. b3 Rc3 38.
Raa2 Qxb3 39. Rdb2 Qc4 40. Ra1 Rc2 0-1

[Event "Top Jeunes"]
[Site "Levallois-Perret"]
[Date "2010.11.21"]
[Round "3.8"]
[White "ALARY, Antoine"]
[Black "RAMBEAUX, Solène"]
[Result "0-1"]
[WhiteElo "1220"]
[BlackElo "1480"]
[PlyCount "109"]
[WhiteTeam "Potemkine"]
[BlackTeam "Mulhouse"]

1. e4 c5 2. Nf3 d6 3. Bc4 Nf6 4. Ng5 e6 5. Nc3 g6 6. d3
Bg7 7. O-O O-O 8. Nf3 Nc6 9. Bg5 a6 10. Re1 b5 11. Bb3 Qc7 12. Bxf6 Bxf6 13.
Qd2 Bg7 14. h3 Bd7 15. Re2 Rab8 16. Rae1 a5 17. a4 b4 18. Nd1 Rbc8 19. Nh2 Nd4
20. Re3 Nc6 21. R3e2 Rfe8 22. Ng4 e5 23. Nh6+ Kf8 24. c3 bxc3 25. bxc3 Be6 26.
Bxe6 Rxe6 27. Ng4 Rb8 28. Nde3 Rb7 29. Rc1 Qb8 30. Ree1 Kg8 31. Qc2 Rb2 32. Qd1
h5 33. Nh2 Rf6 34. Rf1 Qc8 35. Nd5 Re6 36. Nf3 Bh6 37. Rc2 Rxc2 38. Qxc2 Ne7
39. Nxe7+ Rxe7 40. Rb1 Rb7 41. Rxb7 Qxb7 42. Nd2 Bf4 43. Qb1 Qc6 44. Qb5 Qa8
45. Nf3 d5 46. exd5 Qxd5 47. Qc4 Qb7 48. g3 Qb1+ 49. Kg2 Bh6 50. Qxc5 Qxd3 51.
Nxe5 Qe4+ 52. Kf1 Qb1+ 53. Kg2 Qe4+ 54. Kh2 Qe2 55. Nd7 0-1

[Event "Top Jeunes"]
[Site "Levallois-Perret"]
[Date "2010.11.21"]
[Round "3.9"]
[White "BURRI, Quentin"]
[Black "ALARY, Antoine"]
[Result "1-0"]
[WhiteElo "1720"]
[BlackElo "1220"]
[PlyCount "109"]
[WhiteTeam "Mulhouse"]
[BlackTeam "Potemkine"]

1. d4 d5 2. c4 dxc4 3. e3 e6 4. Bxc4 c5 5. Nf3 Nc6 6. d5 Nb4 7. Nc3 Nf6 8. e4
Qe7 9. e5 Nfxd5 10. Nxd5 exd5 11. Bxd5 Bg4 12. Qa4+ Qd7 13. Qxd7+ Kxd7 14. O-O
Nxd5 15. Nd2 Kc7 16. Ne4 c4 17. Bd2 Bb4 18. Bxb4 Nxb4 19. a3 Nc6 20. f4 Nd4 21.
h3 Bf5 22. Ng3 Rad8 23. Rad1 Bd3 24. Rf2 Bg6 25. Rc1 b5 26. f5 Rd5 27. fxg6
hxg6 28. Rxf7+ Kc6 29. Rxg7 Rxe5 30. Rxg6+ Kc5 31. b4+ Kd5 32. Rd1 Rf8 33. Rg4
Ke6 34. Rgxd4 c3 35. Rd6+ Kf7 36. Rf1+ Kg7 37. Rxf8 Kxf8 38. Rc6 Re3 39. Kf2
Rd3 40. Ne4 c2 41. Rxc2 Rxa3 42. h4 Ra4 43. Rb2 Rxb4 44. Rxb4 a5 45. Rxb5 a4
46. Ra5 a3 47. Rxa3 Kg7 48. g4 Kh6 49. g5+ Kg7 50. Ra7+ Kg8 51. Nf6+ Kh8 52.
Nd5 Kg8 53. h5 Kh8 54. g6 Kg8 55. Nf6+ 1-0

[Event "Top Jeunes"]
[Site "Levallois-Perret"]
[Date "2010.11.21"]
[Round "3.10"]
[White "RAMBEAUX, Solène"]
[Black "EA, Thibault"]
[Result "0-1"]
[WhiteElo "1480"]
[BlackElo "1528"]
[PlyCount "78"]
[WhiteTeam "Mulhouse"]
[BlackTeam "Potemkine"]

1. d4 d5 2. c4 e6 3. Nf3 c6 4. g3 Nf6 5. Bg2 Nbd7 6. O-O Be7 7. Nc3 O-O 8. Qc2
dxc4 9. a4 a6 10. Nd2 c5 11. e3 cxd4 12. exd4 Nb6 13. a5 Nbd5 14. Nxc4 Nb4 15.
Qd2 Rb8 16. Qf4 Bd7 17. Qd2 Bc6 18. Qd1 Bxg2 19. Kxg2 Nbd5 20. Qd3 Nxc3 21.
bxc3 Qd5+ 22. f3 Rbd8 23. Bf4 Bd6 24. Bxd6 Rxd6 25. Nxd6 Qxd6 26. c4 e5 27. d5
Rc8 28. Rab1 Qc7 29. Qc3 Nxd5 30. Qa3 Qxc4 31. Rfc1 Qe2+ 32. Kg1 Rxc1+ 33. Rxc1
h6 34. Rc8+ Kh7 35. Qb3 Qe1+ 36. Kg2 Ne3+ 37. Kh3 Qf1+ 38. Kh4 g5+ 39. Kh5 Qh3#
0-1

[Event "Top Jeunes"]
[Site "Levallois-Perret"]
[Date "2010.11.21"]
[Round "3.1"]
[White "WURTZ, Guillaume"]
[Black "LEMEILLE, Francois"]
[Result "0-1"]
[WhiteElo "1930"]
[BlackElo "2049"]
[PlyCount "90"]
[WhiteTeam "Bischwiller"]
[BlackTeam "Bois-Colombes"]

1. e4 c5 2. Nf3 d6 3. Bb5+ Nc6 4. d4 cxd4 5. Qxd4 Bd7 6. Bxc6 bxc6 7. Nc3 e5 8.
Qd3 Nf6 9. O-O Be7 10. b3 O-O 11. Rd1 Bg4 12. h3 Bh5 13. Bg5 Qa5 14. Bxf6 Bxf6
15. Ne2 Rad8 16. Qe3 d5 17. g4 dxe4 18. Nd2 Bg6 19. Ng3 Rd4 20. Ndxe4 Rfd8 21.
Rxd4 Rxd4 22. c3 Rd8 23. Qf3 Be7 24. Nf5 Bf8 25. a4 Qd5 26. b4 Qc4 27. Re1 Qb3
28. a5 Bxb4 29. Kg2 Bxa5 30. Ne7+ Kh8 31. Nxg6+ hxg6 32. Qg3 f6 33. Qe3 Bb6 34.
Qf3 Qc2 35. Nxf6 Qxf2+ 36. Qxf2 Bxf2 37. Kxf2 gxf6 38. Ke3 Kg8 39. Ra1 Rd7 40.
Ra6 Rc7 41. Ke4 Kf7 42. g5 Ke6 43. gxf6 Kxf6 44. Ra5 Rh7 45. Rxe5 Rh4+ 0-1

[Event "Top Jeunes"]
[Site "Levallois-Perret"]
[Date "2010.11.21"]
[Round "3.2"]
[White "TRIBOULIN, Boyann"]
[Black "BARBARAS, Mathieu"]
[Result "1-0"]
[WhiteElo "1700"]
[BlackElo "2022"]
[PlyCount "137"]
[WhiteTeam "Bois-Colombes"]
[BlackTeam "Bischwiller"]

1. d4 Nf6 2. c4 e6 3. Nc3 Bb4 4. Qc2 d5 5. e3 c5 6. dxc5 O-O 7. Bd2 Nc6 8. Nf3
e5 9. cxd5 Nxd5 10. Nxe5 Bxc3 11. Bxc3 Nxe5 12. Bxe5 Qa5+ 13. Qd2 Qxc5 14. Bd4
Qe7 15. Bxg7 Kxg7 16. Qxd5 Rd8 17. Qb3 Be6 18. Bc4 Qg5 19. O-O Bxc4 20. Qxc4
Rac8 21. Qb4 Rc2 22. Rad1 Rxd1 23. Rxd1 Qf5 24. Qd4+ f6 25. f3 Kg6 26. a3 h5
27. Rd2 Rc1+ 28. Kf2 Qb1 29. Qe4+ Qxe4 30. fxe4 Kg5 31. Rd5+ Kg4 32. h3+ Kh4
33. Rf5 b6 34. Rxf6 Kg5 35. Rf7 Rc2+ 36. Kf3 a6 37. e5 Rxb2 38. Ke4 Rc2 39.
Rf5+ Kg6 40. Rf6+ Kg7 41. Rxb6 Rxg2 42. Rxa6 Rg3 43. Ra7+ Kg6 44. Ra6+ Kg7 45.
h4 Rg4+ 46. Kf5 Rxh4 47. Ra7+ Kg8 48. Kg6 Rg4+ 49. Kxh5 Rg3 50. e4 Kf8 51. Kh4
Rg2 52. Rd7 Ke8 53. Rd3 Ke7 54. Rg3 Re2 55. Kg5 Rxe4 56. Kf5 Ra4 57. Re3 Ra5
58. Ke4 Ke6 59. Kd4 Rd5+ 60. Kc4 Ra5 61. Kb4 Ra8 62. a4 Rb8+ 63. Kc5 Ra8 64.
Ra3 Rc8+ 65. Kb6 Kxe5 66. a5 Rb8+ 67. Kc7 Rh8 68. a6 Kd5 69. a7 1-0

[Event "Top Jeunes"]
[Site "Levallois-Perret"]
[Date "2010.11.21"]
[Round "3.3"]
[White "BELLAHCENE, Bilel"]
[Black "LAM ROQUES, Kalvin"]
[Result "1-0"]
[WhiteElo "2140"]
[BlackElo "1871"]
[PlyCount "111"]
[WhiteTeam "Bischwiller"]
[BlackTeam "Bois-Colombes"]

1. d4 d5 2. c4 e6 3. Nf3 Nf6 4. g3 b6 5. Bg2 Bb7 6. O-O Nbd7 7. cxd5 Nxd5 8.
Nc3 N5f6 9. Re1 Be7 10. e4 O-O 11. Bf4 a6 12. a4 c6 13. Qd3 b5 14. e5 Nd5 15.
Nxd5 cxd5 16. axb5 Qb6 17. Bf1 axb5 18. Qxb5 Bc6 19. Qxb6 Nxb6 20. Bd2 Ba4 21.
Bc3 Bc2 22. Bb5 Rfc8 23. Nd2 Na4 24. Bxa4 Rxa4 25. Rxa4 Bxa4 26. Ra1 Bb5 27.
Ra7 Bd8 28. f4 Kf8 29. Kf2 Ke8 30. Ke3 Rc7 31. Ra8 Bc6 32. Rxd8+ Kxd8 33. Ba5
Bb5 34. Nf3 h6 35. Kd2 Kc8 36. Bxc7 Kxc7 37. Kc3 Kb6 38. Kb4 Bd3 39. Nd2 Bc2
40. h4 Bd1 41. Nb1 Bc2 42. Nc3 Bd3 43. Na4+ Kc6 44. Ka5 Bf1 45. b4 Bd3 46. Nc3
Bc4 47. b5+ Kb7 48. Kb4 Bd3 49. Kc5 Bc2 50. Na2 Kc7 51. Nb4 Ba4 52. f5 g5 53.
f6 gxh4 54. gxh4 Kb7 55. Nxd5 exd5 56. e6 1-0

[Event "Top Jeunes"]
[Site "Levallois-Perret"]
[Date "2010.11.21"]
[Round "3.4"]
[White "JOUDELAT, Noemie"]
[Black "HOERDT, Audran"]
[Result "0-1"]
[WhiteElo "1775"]
[BlackElo "1587"]
[PlyCount "96"]
[WhiteTeam "Bois-Colombes"]
[BlackTeam "Bischwiller"]

1. e4 e6 2. d4 d5 3. Nc3 Nf6 4. Bg5 Be7 5. e5 Nfd7 6. Bxe7 Qxe7 7. Nf3 a6 8. a3
c5 9. Be2 Nc6 10. Qd3 cxd4 11. Nxd4 Ndxe5 12. Qe3 Qc5 13. Rd1 Nxd4 14. Qxd4
Qxd4 15. Rxd4 Bd7 16. O-O O-O 17. Nxd5 exd5 18. Rxd5 f6 19. f4 Bc6 20. Rd2 Nf7
21. Rfd1 Rad8 22. Bc4 Rxd2 23. Rxd2 g6 24. Re2 Re8 25. Rxe8+ Bxe8 26. Kf2 Bc6
27. g3 Kf8 28. Ke3 Nh6 29. Kd4 Ke7 30. Be2 Kd6 31. c4 Nf5+ 32. Kd3 b5 33. Kc3
Ne3 34. b3 bxc4 35. bxc4 Kc5 36. Kb3 a5 37. Bd3 Ng4 38. h3 Nf2 39. Bf1 a4+ 40.
Kc2 Kd4 41. Kb2 Nd1+ 42. Kc1 Ne3 43. Be2 Nxc4 44. Bxc4 Kxc4 45. Kc2 Be4+ 46.
Kb2 Bd3 47. h4 Kd4 48. Kc1 Ke3 0-1

[Event "Top Jeunes"]
[Site "Levallois-Perret"]
[Date "2010.11.21"]
[Round "3.5"]
[White "SCHLEGEL, Nicolas"]
[Black "GUERLACH, Keigo"]
[Result "0-1"]
[WhiteElo "1600"]
[BlackElo "1639"]
[PlyCount "44"]
[WhiteTeam "Bischwiller"]
[BlackTeam "Bois-Colombes"]

1. e4 e5 2. Nf3 Nf6 3. Nxe5 d6 4. Nf3 Nxe4 5. d4 d5 6.
Bd3 Nf6 7. O-O Be7 8. c4 dxc4 9. Bxc4 O-O 10. Nc3 Bf5 11. Re1 h6 12. Bf4 Nbd7
13. Bxc7 Qxc7 14. Nd5 Nxd5 15. Bxd5 Bf6 16. Rc1 Qb6 17. Qd2 Bg4 18. Rc4 Qb5 19.
Qf4 Qxd5 20. Qxg4 Qxc4 21. Qxd7 Rad8 22. Qxb7 Bxd4 0-1

[Event "Top Jeunes"]
[Site "Levallois-Perret"]
[Date "2010.11.21"]
[Round "3.6"]
[White "BONNIN, Rémi"]
[Black "PLUVINAGE, Jérôme"]
[Result "0-1"]
[WhiteElo "1360"]
[BlackElo "1486"]
[PlyCount "136"]
[WhiteTeam "Bois-Colombes"]
[BlackTeam "Bischwiller"]

1. e4 c5 2. Bc4 Nc6 3. Nf3 d6 4. d3 e6 5. Nc3 Nf6 6. Bg5
Be7 7. Bxf6 Bxf6 8. O-O O-O 9. Qd2 a6 10. Rad1 Nd4 11. Nxd4 Bxd4 12. Kh1 b5 13.
Bb3 Bb7 14. a3 Bc6 15. f4 Bf6 16. Rde1 Be7 17. Re2 Qc7 18. Rfe1 Rad8 19. f5
exf5 20. exf5 Bf6 21. Kg1 Rfe8 22. Rxe8+ Rxe8 23. Rxe8+ Bxe8 24. Nd5 Qd8 25. c3
Bc6 26. d4 Bg5 27. Qe2 c4 28. h4 Bxh4 29. Nb4 Bb7 30. Bc2 Qe7 31. Qh5 Qg5 32.
Qxg5 Bxg5 33. Kf2 Bc1 34. b3 cxb3 35. Bxb3 Bb2 36. Bd5 Bxd5 37. Nxd5 Bxa3 38.
Nb4 Bxb4 39. cxb4 Kf8 40. Ke3 Ke7 41. Ke4 g6 42. g4 h5 43. Kf3 hxg4+ 44. Kxg4
Kf6 45. Kf4 gxf5 46. Kg3 Kg5 47. Kf3 f4 48. Kf2 Kf5 49. Kf3 f6 50. Kf2 Ke4 51.
d5 Kxd5 52. Kf3 Ke5 53. Kf2 Ke4 54. Ke2 d5 55. Kf2 d4 56. Ke2 d3+ 57. Kd2 Kd4
58. Kd1 Ke3 59. Ke1 d2+ 60. Kd1 f3 61. Kc2 Ke2 62. Kb2 d1=R 63. Ka3 Rb1 64. Ka2
Rxb4 65. Ka3 a5 66. Ka2 Kd3 67. Ka3 Kc2 68. Ka2 Ra4# 0-1

[Event "Top Jeunes"]
[Site "Levallois-Perret"]
[Date "2010.11.21"]
[Round "3.7"]
[White "KANTZER, Romain"]
[Black "ARIZA, Thomas"]
[Result "0-1"]
[WhiteElo "1420"]
[BlackElo "1670"]
[PlyCount "114"]
[WhiteTeam "Bischwiller"]
[BlackTeam "Bois-Colombes"]

1. e4 e6 2. d4 d5 3. e5 c5 4. c3 Nc6 5. Nf3 Qb6 6. Be2 Nh6 7. Na3 Nf5 8. Nc2
Be7 9. O-O O-O 10. b3 f6 11. Bb2 fxe5 12. dxe5 Qc7 13. c4 d4 14. Re1 Nxe5 15.
Nxe5 Qxe5 16. Bg4 Qd6 17. Bxf5 exf5 18. b4 b6 19. Qf3 Rb8 20. Rad1 Bb7 21. Qh3
Be4 22. Ne3 Qc7 23. Nd5 Bxd5 24. cxd5 Bg5 25. Bc1 Bxc1 26. Rxc1 Qd6 27. Qf3
Rbd8 28. bxc5 bxc5 29. Qa3 Qxd5 30. Rxc5 Qb7 31. h3 Rfe8 32. Rce5 Rxe5 33. Rxe5
d3 34. Re1 d2 35. Rd1 Qe4 36. Qb3+ Kh8 37. Qc3 Qe2 38. Qc2 Qe1+ 39. Rxe1
dxe1=Q+ 40. Kh2 Qe5+ 41. g3 h6 42. Kg2 Qe4+ 43. Qxe4 fxe4 44. Kf1 Rd2 45. Ke1
Rxa2 46. g4 Kg8 47. Kd1 Kf7 48. Kc1 Ke6 49. h4 Kd5 50. g5 hxg5 51. hxg5 Rxf2
52. Kd1 Kc4 53. Ke1 e3 54. Kd1 Kd3 55. Ke1 a5 56. g6 a4 57. Kd1 Rf1# 0-1

[Event "Top Jeunes"]
[Site "Levallois-Perret"]
[Date "2010.11.21"]
[Round "3.8"]
[White "BELLAHCENE, Meriem"]
[Black "PHAM, Arthur"]
[Result "1-0"]
[WhiteElo "1300"]
[BlackElo "1009"]
[PlyCount "69"]
[WhiteTeam "Bischwiller"]
[BlackTeam "Bois-Colombes"]

1. e4 e5 2. Nf3 Nc6 3. d4 exd4 4. Nxd4 Nxd4 5. Qxd4 Nf6 6. Nc3 b6 7. Bg5 Be7 8.
Be2 h6 9. Bh4 c5 10. Qd2 Nxe4 11. Nxe4 Bxh4 12. O-O Qc7 13. Rfe1 O-O 14. Bf3
Bb7 15. Rad1 Bc6 16. Re3 f5 17. Nc3 Bxf3 18. Rxf3 Rad8 19. Nd5 Qd6 20. Qe2 Qe6
21. Re3 Qf7 22. Qc4 Kh8 23. Qxh4 f4 24. Re7 Qg6 25. Nxf4 Qxc2 26. Qg4 Qxb2 27.
h3 g5 28. Ng6+ Kg8 29. Nxf8 Rxf8 30. f3 c4 31. Qxc4+ Kh8 32. Rdxd7 Qb1+ 33. Kh2
b5 34. Qd4+ Kg8 35. Qg7# 1-0

[Event "Top Jeunes"]
[Site "Levallois-Perret"]
[Date "2010.11.21"]
[Round "3.9"]
[White "ARIZA, Thomas"]
[Black "BELLAHCENE, Meriem"]
[Result "1-0"]
[WhiteElo "1670"]
[BlackElo "1300"]
[PlyCount "105"]
[WhiteTeam "Bois-Colombes"]
[BlackTeam "Bischwiller"]

1. e4 e5 2. Nf3 Nc6 3. Bc4 Bc5 4. Nc3 Nf6 5. O-O d6 6. Na4 Bb6 7. Nxb6 axb6 8.
a3 Nxe4 9. d3 Nf6 10. Bg5 O-O 11. c3 h6 12. Bh4 Be6 13. Bxe6 fxe6 14. Re1 Ne7
15. d4 e4 16. Nd2 d5 17. f3 exf3 18. Nxf3 Qd6 19. Ne5 c5 20. Rf1 Nd7 21. Rxf8+
Rxf8 22. Bxe7 Qxe7 23. Ng6 Qg5 24. Nxf8 Nxf8 25. Qe2 Kh8 26. Rf1 Ng6 27. Qxe6
Nf4 28. Qe8+ Kh7 29. g3 Nh3+ 30. Kg2 Qg4 31. Qe5 Ng5 32. Qf5+ Qxf5 33. Rxf5
cxd4 34. cxd4 g6 35. Rxd5 Ne4 36. Rd7+ Kg8 37. d5 Nc5 38. Rd8+ Kf7 39. b4 Ke7
40. Rb8 Nd7 41. Rxb7 Kd6 42. a4 Ne5 43. Rxb6+ Kxd5 44. Rb5+ Kd6 45. Rxe5 Kxe5
46. a5 Kd6 47. Kf3 Kc6 48. Kf4 g5+ 49. Kf5 Kb5 50. h4 gxh4 51. gxh4 Ka6 52. Kg6
Kb5 53. Kxh6 1-0